Linear statistical inference and its applications /
Guardado en:
| Autor Principal: | |
|---|---|
| Formato: | Libro |
| Idioma: | English |
| Publicado: |
New York :
Wiley,
1965.
|
| Series: | Wiley series in probability and mathematical statistics
|
| Etiquetas: |
Agregar Etiqueta
Sin Etiquetas, Sea el primero en etiquetar este registro!
|
| LEADER | 00787nam a22002051a 4500 | ||
|---|---|---|---|
| 001 | MAT.inmabb002588 | ||
| 008 | 840601s1965####nyu######b####001#0#eng## | ||
| 005 | 20130315183712.0 | ||
| 245 | 1 | 0 | |a Linear statistical inference and its applications / |c [by] C. Radhakrishna Rao. |
| 260 | |a New York : |b Wiley, |c 1965. | ||
| 300 | |a xviii, 522 p. ; |c 24 cm. | ||
| 440 | 0 | |a Wiley series in probability and mathematical statistics | |
| 504 | |a Incluye referencias bibliográficas. | ||
| 504 | |a "Publications of the author": p. 605-613. | ||
| 510 | 4 | |a MR, |c 36 #4668 | |
| 100 | 1 | |a Rao, C. Radhakrishna |q (Calyampudi Radhakrishna), |d 1920- | |
| 084 | |a 62F03 (62F25 62J05 62J10 62H10 62H17 62H30 62L10) |2 msc2000 | ||
| 010 | |a 65021433 | ||
| 040 | |a DLC/ICU |c ICU |d DLC | ||
| 859 | |h 62 |i R215 |p A-8257 |b BIB. MATEMATICA | ||
